| 000 | 00607nam a2200217 a 4500 | ||
|---|---|---|---|
| 001 | 2029 | ||
| 003 | BD-RjUL | ||
| 005 | 20211208233452.0 | ||
| 008 | 260831s1977 maua 00| 0 eng d | ||
| 020 | _a0669911402 | ||
| 035 | _a(BD-RjUL)2056 | ||
| 040 |
_aDLC _cDLC _dBD-RjUL _beng |
||
| 041 | _aeng | ||
| 082 | 0 | 0 |
_a330 _bKOS 1977 _223 |
| 100 | 1 |
_aKohler, Heinz _96599 |
|
| 245 | 1 | 0 |
_aScarcity and freedom : _ban introduction to economics / _cHeinz Kohler |
| 260 |
_aLexington, Mass. : _bD. C. Heath com. _c1977. |
||
| 300 |
_axxii, 212 p. : _bill. ; _c24 cm. |
||
| 650 | 0 |
_aEconomics. _96658 |
|
| 942 |
_2ddc _cBK |
||
| 999 |
_c2029 _d2029 |
||